| 000 | 00350nam a2200133 4500 | ||
|---|---|---|---|
| 005 | 20260530113854.0 | ||
| 100 | 1 |
_aItalo Calvino _931503 |
|
| 245 | 1 | 0 | _aSix Memos for the Next Millenium |
| 264 | 1 |
_bVintange International _c1998 |
|
| 300 | _a125 páginas | ||
| 336 |
_atexto _2rdacontent |
||
| 337 |
_asin medio _2rdamedia |
||
| 338 |
_avolumen _2rdacarrier |
||
| 999 |
_c11547 _d11547 |
||